Tài liệu bồi dưỡng nội dung giáo dục dân số qua môn Giáo dục công dân ở trường PTCS

Gorde:
Xehetasun bibliografikoak
Egile nagusia: Tài liệu bồi dưỡng nội dung giáo dục dân số qua môn Giáo dục công dân ở trường PTCS
Formatua: Liburua
Hizkuntza:Undetermined
Argitaratua: Hà Nội Bộ Giáo dục 1989
Gaiak:
Etiketak: Etiketa erantsi
Etiketarik gabe, Izan zaitez lehena erregistro honi etiketa jartzen!
Thư viện lưu trữ: Trung tâm Học liệu Trường Đại học Cần Thơ
LEADER 00840nam a2200181Ia 4500
001 CTU_5546
008 210402s9999 xx 000 0 und d
082 |a 307.3 
082 |b T103 
100 |a Tài liệu bồi dưỡng nội dung giáo dục dân số qua môn Giáo dục công dân ở trường PTCS 
245 0 |a Tài liệu bồi dưỡng nội dung giáo dục dân số qua môn Giáo dục công dân ở trường PTCS 
245 0 |c Tài liệu bồi dưỡng nội dung giáo dục dân số qua môn Giáo dục công dân ở trường PTCS 
260 |a Hà Nội 
260 |b Bộ Giáo dục 
260 |c 1989 
650 |a population 
904 |i Nguyễn Quang Điền, 960723 
980 |a Trung tâm Học liệu Trường Đại học Cần Thơ